000
00328nam a22001337a 4500
008
210302b ||||| |||| 00| 0 eng d
020
_a
9780895828729
041
_a
eng
080
_2
4th
_a
579
100
_a
11
101
_a
MIK
245
_a
A Photographic Atlas for the Microbiology Laboratory
_c
Leboffe,J.M
942
_2
udc
_c
BK
999
_c
55546
_d
55546